[Event "Quebec-ch"]
[Site "Montreal CAN"]
[Date "1982.06.16"]
[Round "4"]
[White "Lake, Perry"]
[Black "Levtchouk, George"]
[Result "1-0"]
[WhiteElo "2131"]
[BlackElo "2216"]
[PlyCount "103"]
[GameId "2160767912848481"]
[EventDate "1982.06.13"]
[EventType "tourn"]
[EventRounds "9"]
[EventCountry "CAN"]

1. g3 g6 2. Bg2 Bg7 3. e4 d6 4. Ne2 Nf6 5. O-O O-O 6. d4 Nbd7 7. h3 c5 8. c3 Rb8 9. a4 b6 10. Be3 Ba6 11. b3 cxd4 12. cxd4 e5 13. Re1 exd4 14. Nxd4 Rc8 15. Ra2 Nc5 16. Bg5 Nd3 17. Bf1 Nxe1 18. Bxa6 Rc5 19. Be3 Nxe4 20. Qxe1 Ng5 21. Bxg5 Qxg5 22. Rd2 Bxd4 23. Rxd4 Re5 24. Qd2 Qf5 25. Nc3 Rfe8 26. Kg2 Re1 27. Be2 Ra1 28. Qb2 Re1 29. Qd2 Ra1 30. Rf4 Qc5 31. Rd4 Re6 32. Ne4 Qc1 33. Qxc1 Rxc1 34. Bc4 Re7 35. Nxd6 Rd7 36. Nf5 Rxd4 37. Nxd4 Kf8 38. Nb5 a5 39. Nc7 Re1 40. Nd5 Re6 41. Kf3 Rd6 42. g4 f6 43. h4 h6 44. h5 Kg7 45. hxg6 Kxg6 46. Ne7+ Kh7 47. Kf4 Kh8 48. Kf5 Kg7 49. f3 Kf8 50. Nd5 Kg7 51. Nc3 Rc6 52. Ne4 1-0

[Event "Quebec-ch"]
[Site "Montreal CAN"]
[Date "1982.06.16"]
[Round "4"]
[White "St Amand, Paul Jr"]
[Black "Alvarez, Jose Luis"]
[Result "1/2-1/2"]
[WhiteElo "2011"]
[BlackElo "2037"]
[PlyCount "53"]
[GameId "2160767912848482"]
[EventDate "1982.06.13"]
[EventType "tourn"]
[EventRounds "9"]
[EventCountry "CAN"]

1. e4 e5 2. Nf3 Nc6 3. Bb5 a6 4. Ba4 Nf6 5. O-O Be7 6. Re1 b5 7. Bb3 d6 8. c3 O-O 9. h3 Na5 10. Bc2 c5 11. d4 Qc7 12. Nbd2 cxd4 13. cxd4 Nc6 14. d5 Nb4 15. Bb1 a5 16. Nf1 Bd7 17. Be3 Rfc8 18. Qe2 Qb8 19. a3 Na6 20. b3 b4 21. a4 Be8 22. Ng3 g6 23. Nd2 Nd7 24. Bd3 Nac5 25. Bb5 Nf6 26. Bc4 Nfd7 27. Bb5 1/2-1/2

[Event "Quebec-ch"]
[Site "Montreal CAN"]
[Date "1982.06.16"]
[Round "4"]
[White "Williams, Leo"]
[Black "Barbeau, Sylvain"]
[Result "0-1"]
[WhiteElo "2102"]
[BlackElo "2231"]
[PlyCount "54"]
[GameId "2160767912848483"]
[EventDate "1982.06.13"]
[EventType "tourn"]
[EventRounds "9"]
[EventCountry "CAN"]

1. e4 e5 2. Nf3 Nf6 3. Nxe5 d6 4. Nf3 Nxe4 5. Nc3 Nxc3 6. dxc3 Be7 7. Be3 Nc6 8. Qd2 Bg4 9. Be2 Qd7 10. O-O-O O-O 11. Kb1 Rab8 12. h3 Be6 13. c4 a5 14. a3 Rfd8 15. Ng5 Bxg5 16. Bxg5 f6 17. Bf4 Qf7 18. Qc3 b6 19. Bc1 a4 20. g4 Na5 21. Rd4 c5 22. Rf4 Nc6 23. Be3 Ne5 24. g5 f5 25. h4 Ng6 26. Bh5 Qb7 27. Bxg6 Qxh1+ 0-1

[Event "Quebec-ch"]
[Site "Montreal CAN"]
[Date "1982.06.18"]
[Round "5"]
[White "Alvarez, Jose Luis"]
[Black "Witt, Laszlo"]
[Result "0-1"]
[WhiteElo "2037"]
[BlackElo "2388"]
[PlyCount "82"]
[GameId "2160767912848485"]
[EventDate "1982.06.13"]
[EventType "tourn"]
[EventRounds "9"]
[EventCountry "CAN"]

1. e4 c5 2. Nf3 d6 3. d4 cxd4 4. Nxd4 Nf6 5. Nc3 a6 6. Bc4 Qc7 7. Bb3 e6 8. O-O Nc6 9. Be3 Be7 10. f4 Na5 11. Qe2 O-O 12. f5 Nxb3 13. cxb3 b5 14. Rac1 Qd7 15. Rfd1 Bb7 16. e5 Nd5 17. Nxd5 Bxd5 18. f6 gxf6 19. Bh6 Kh8 20. Bxf8 Rxf8 21. exf6 Bxf6 22. Qf2 Be5 23. Nf3 Bg7 24. Qg3 Bxf3 25. Qxf3 Bxb2 26. Rc2 Be5 27. Qh5 Qa7+ 28. Kh1 Rg8 29. Rdc1 Rg6 30. Qf3 Qe7 31. Rc7 Qh4 32. Qa8+ Rg8 33. g3 Bxg3 34. Qg2 Bxh2 35. Rc8 Be5+ 36. Kg1 Bd4+ 37. Kf1 Qf4+ 38. Ke2 Qe3+ 39. Kd1 Qd3+ 40. Qd2 Qf1+ 41. Qe1 Qd3+ 0-1

[Event "Quebec-ch"]
[Site "Montreal CAN"]
[Date "1982.06.18"]
[Round "5"]
[White "Barbeau, Sylvain"]
[Black "Lake, Perry"]
[Result "1/2-1/2"]
[WhiteElo "2231"]
[BlackElo "2131"]
[PlyCount "58"]
[GameId "2160767912848486"]
[EventDate "1982.06.13"]
[EventType "tourn"]
[EventRounds "9"]
[EventCountry "CAN"]

1. Nf3 Nf6 2. g3 b5 3. Bg2 Bb7 4. O-O e6 5. d3 d5 6. a4 b4 7. e4 Be7 8. e5 Nfd7 9. Re1 c5 10. h4 Nc6 11. Bg5 Bxg5 12. hxg5 Qe7 13. Nbd2 Na5 14. Nf1 h6 15. gxh6 Rxh6 16. N3h2 O-O-O 17. Ng4 Rg6 18. f4 Nb6 19. Nf2 Kb8 20. b3 d4 21. Bxb7 Qxb7 22. Ne4 Qe7 23. Qf3 Nd5 24. Re2 Rh8 25. Rg2 Rgh6 26. Re1 Nc6 27. Nf2 Kc7 28. Ng4 Rh1+ 29. Kf2 Kb6 1/2-1/2

[Event "Quebec-ch"]
[Site "Montreal CAN"]
[Date "1982.06.18"]
[Round "5"]
[White "Levtchouk, George"]
[Black "St Amand, Paul Jr"]
[Result "1-0"]
[WhiteElo "2216"]
[BlackElo "2011"]
[PlyCount "115"]
[GameId "2160767912848488"]
[EventDate "1982.06.13"]
[EventType "tourn"]
[EventRounds "9"]
[EventCountry "CAN"]

1. d4 Nf6 2. c4 e5 3. dxe5 Ng4 4. Nf3 Bc5 5. e3 Nc6 6. Nc3 Ngxe5 7. Be2 Nxf3+ 8. Bxf3 Ne5 9. Be2 O-O 10. O-O d6 11. b3 Bd7 12. Bb2 f5 13. Qd2 Bc6 14. Nd5 Kh8 15. Rad1 Bxd5 16. Qxd5 Nc6 17. a3 a5 18. Bd3 Qe8 19. Bc2 Qf7 20. Qf3 Rae8 21. Rd5 Ne7 22. Rd2 Nc6 23. Rfd1 Kg8 24. h3 f4 25. exf4 Qxf4 26. Qh5 Bxf2+ 27. Kh1 Qh6 28. Qd5+ Kh8 29. Rf1 Bg3 30. Rdd1 Be5 31. Bxe5 Nxe5 32. Qxb7 Ng4 33. Qe4 Ne3 34. Rde1 Rxf1+ 35. Rxf1 Rg8 36. Rf7 Nxc2 37. Qxc2 Re8 38. Qe4 Qc1+ 39. Kh2 Rg8 40. a4 Qc3 41. Rf3 Qe5+ 42. Qxe5 dxe5 43. Rf7 h6 44. Rxc7 Rb8 45. Rc5 Rxb3 46. Rxa5 Rb4 47. c5 Rc4 48. Kg3 Kh7 49. Kf3 Kg6 50. Ke3 Kf5 51. Kd3 Rc1 52. Rb5 e4+ 53. Kd2 Ra1 54. c6+ Ke6 55. Rc5 Ra2+ 56. Rc2 e3+ 57. Kd3 Ra3+ 58. Ke2 1-0

[Event "Quebec-ch"]
[Site "Montreal CAN"]
[Date "1982.06.18"]
[Round "5"]
[White "Spraggett, Kevin"]
[Black "Williams, Leo"]
[Result "1-0"]
[WhiteElo "2513"]
[BlackElo "2102"]
[PlyCount "61"]
[GameId "2160767912848489"]
[EventDate "1982.06.13"]
[EventType "tourn"]
[EventRounds "9"]
[EventCountry "CAN"]

1. e4 c5 2. Nf3 d6 3. d4 cxd4 4. Nxd4 Nf6 5. Nc3 Nc6 6. Bg5 e6 7. Qd2 a6 8. O-O-O h6 9. Be3 Qc7 10. f4 Be7 11. Be2 Na5 12. g4 Nc4 13. Bxc4 Qxc4 14. Qg2 Bd7 15. g5 hxg5 16. fxg5 Nh5 17. g6 f6 18. Rd3 Rc8 19. Kb1 b5 20. Rc1 b4 21. Nce2 e5 22. b3 Qc7 23. Nf5 Qb7 24. Rd5 Be6 25. Rcd1 Qc7 26. R1d2 Bxd5 27. exd5 Kf8 28. Qh3 Qd7 29. Rd3 e4 30. Rd4 Ke8 31. Nf4 1-0

[Event "Quebec-ch"]
[Site "Montreal CAN"]
[Date "1982.06.19"]
[Round "6"]
[White "St Amand, Paul Jr"]
[Black "Barbeau, Sylvain"]
[Result "0-1"]
[WhiteElo "2011"]
[BlackElo "2231"]
[PlyCount "100"]
[GameId "2160767912848492"]
[EventDate "1982.06.13"]
[EventType "tourn"]
[EventRounds "9"]
[EventCountry "CAN"]

1. e4 e5 2. Nf3 Nf6 3. Nxe5 d6 4. Nf3 Nxe4 5. d4 d5 6. Bd3 Be7 7. O-O Nc6 8. c4 Nf6 9. h3 O-O 10. Nc3 Nb4 11. Be2 dxc4 12. Bxc4 Nbd5 13. Re1 c6 14. Qb3 Nb6 15. Bd3 Nfd5 16. a3 h6 17. Ne5 Bg5 18. Bxg5 Qxg5 19. Nf3 Qd8 20. Re5 Be6 21. Qc2 Nd7 22. Ree1 N7f6 23. Rad1 Re8 24. Qd2 Qc7 25. Re5 Rad8 26. Rde1 Nb6 27. Qe2 Nbd7 28. Re3 Nf8 29. Qc2 Qb8 30. Re5 N8d7 31. R5e2 Qf4 32. Qd2 Qxd2 33. Nxd2 Nb6 34. Nf3 Kf8 35. Kh2 Bc4 36. Rxe8+ Nxe8 37. Bc2 Nc7 38. b3 Be6 39. Rd1 Nbd5 40. Nxd5 Bxd5 41. Ne5 Nb5 42. a4 Na3 43. Rd2 Nxc2 44. Rxc2 Be4 45. Rc4 f6 46. Nf3 Bxf3 47. gxf3 Ke7 48. Kg3 Rd5 49. Rb4 b5 50. a5 Kd7 0-1

[Event "Quebec-ch"]
[Site "Montreal CAN"]
[Date "1982.06.19"]
[Round "6"]
[White "Williams, Leo"]
[Black "Lake, Perry"]
[Result "0-1"]
[WhiteElo "2102"]
[BlackElo "2131"]
[PlyCount "55"]
[GameId "2160767912848493"]
[EventDate "1982.06.13"]
[EventType "tourn"]
[EventRounds "9"]
[EventCountry "CAN"]

1. e4 e5 2. Nf3 Nc6 3. Bb5 a6 4. Ba4 Nf6 5. O-O Nxe4 6. d4 b5 7. Bb3 d5 8. dxe5 Be6 9. Nbd2 Nc5 10. c3 Be7 11. Bc2 Bg4 12. Re1 Qd7 13. Nb3 Ne6 14. h3 Bh5 15. Bf5 Ncd8 16. g4 Bg6 17. Qc2 c5 18. h4 h5 19. Bxg6 hxg4 20. Ng5 Bxg5 21. Bxg5 fxg6 22. Bxd8 Kxd8 23. Qxg6 Rxh4 24. Nxc5 Nxc5 25. e6 Qe7 26. Rad1 Kc7 27. Rxd5 Rah8 28. Re3 0-1

[Event "Quebec-ch"]
[Site "Montreal CAN"]
[Date "1982.06.19"]
[Round "6"]
[White "Witt, Laszlo"]
[Black "Levtchouk, George"]
[Result "1/2-1/2"]
[WhiteElo "2388"]
[BlackElo "2216"]
[PlyCount "36"]
[GameId "2160767912848494"]
[EventDate "1982.06.13"]
[EventType "tourn"]
[EventRounds "9"]
[EventCountry "CAN"]

1. e4 g6 2. d4 Bg7 3. Nf3 d6 4. Be2 Nf6 5. Nc3 O-O 6. O-O Nc6 7. h3 e5 8. Be3 Re8 9. dxe5 Nxe5 10. Qd2 Nxf3+ 11. Bxf3 Bd7 12. Bg5 Bc6 13. Nd5 h6 14. Bxh6 Nxe4 15. Bxe4 Bxh6 16. Qxh6 Rxe4 17. Rad1 Bxd5 18. Rxd5 Qf6 1/2-1/2

[Event "Quebec-ch"]
[Site "Montreal CAN"]
[Date "1982.06.20"]
[Round "7"]
[White "Alvarez, Jose Luis"]
[Black "Spraggett, Kevin"]
[Result "0-1"]
[WhiteElo "2037"]
[BlackElo "2513"]
[PlyCount "92"]
[GameId "2160767912848495"]
[EventDate "1982.06.13"]
[EventType "tourn"]
[EventRounds "9"]
[EventCountry "CAN"]

1. d4 Nf6 2. c4 g6 3. Nc3 Bg7 4. e4 d6 5. Nf3 O-O 6. h3 e5 7. dxe5 dxe5 8. Qxd8 Rxd8 9. Bg5 Re8 10. Rd1 Na6 11. Be2 h6 12. Be3 Bf8 13. Nd2 c6 14. Nb3 Be6 15. O-O Kg7 16. g4 Nd7 17. Na4 b6 18. Kg2 Nb4 19. Nc3 a5 20. f4 Nc2 21. Bc1 exf4 22. Bxf4 a4 23. Nd4 Nxd4 24. Rxd4 g5 25. Bg3 Bc5 26. Rd3 f6 27. Nd1 Ne5 28. Bxe5 fxe5 29. Ne3 Bxe3 30. Rxe3 Red8 31. Rd3 Rd4 32. Rxd4 exd4 33. Bd3 Ra5 34. Rf2 Rc5 35. Rc2 Kf6 36. a3 Ke5 37. Kf3 b5 38. cxb5 Rxc2 39. Bxc2 cxb5 40. Bd1 Bc4 41. Bc2 d3 42. Bd1 Kd4 43. e5 Bf7 44. Kf2 Bd5 45. Bf3 Bb3 46. Bd1 Bxd1 0-1

[Event "Quebec-ch"]
[Site "Montreal CAN"]
[Date "1982.06.20"]
[Round "7"]
[White "Lake, Perry"]
[Black "St Amand, Paul Jr"]
[Result "1-0"]
[WhiteElo "2131"]
[BlackElo "2011"]
[PlyCount "113"]
[GameId "2160767912848498"]
[EventDate "1982.06.13"]
[EventType "tourn"]
[EventRounds "9"]
[EventCountry "CAN"]

1. g3 d5 2. Bg2 c5 3. Nf3 Nc6 4. O-O Nf6 5. d4 cxd4 6. Nxd4 e5 7. Nxc6 bxc6 8. c4 Qa5 9. Bg5 Ne4 10. Bxe4 dxe4 11. Nc3 Bh3 12. Re1 h6 13. Bd2 Qc7 14. Nxe4 Be7 15. Qc2 f5 16. Nc3 g5 17. Rab1 h5 18. b4 h4 19. c5 hxg3 20. hxg3 Bf6 21. f3 e4 22. Kf2 Be5 23. Rg1 O-O-O 24. Bxg5 Rdg8 25. f4 e3+ 26. Kxe3 Bxc3 27. Qxc3 Bg4 28. Kf2 Rh2+ 29. Rg2 Rxg2+ 30. Kxg2 Bxe2 31. Re1 Re8 32. Qd2 Bh5 33. Rxe8+ Bxe8 34. Qd3 Qf7 35. Kf3 Qh5+ 36. Ke3 Bd7 37. Bh4 Qe8+ 38. Kf3 Qh5+ 39. Kf2 Qe8 40. Bf6 Qf7 41. Qa6+ Kb8 42. Be5+ Ka8 43. Qa5 Bc8 44. b5 cxb5 45. Qxb5 Qb7 46. Qd3 Qh1 47. Qf3+ Qxf3+ 48. Kxf3 Kb7 49. g4 fxg4+ 50. Ke4 Kc6 51. Bd4 Be6 52. a3 Bd5+ 53. Ke5 g3 54. f5 g2 55. Kf6 Kb5 56. Ke7 Kc4 57. Bg1 1-0

[Event "Quebec-ch"]
[Site "Montreal CAN"]
[Date "1982.06.21"]
[Round "8"]
[White "Bolduc, Steve"]
[Black "Barbeau, Sylvain"]
[Result "1/2-1/2"]
[WhiteElo "2047"]
[BlackElo "2231"]
[PlyCount "78"]
[GameId "2160767912848500"]
[EventDate "1982.06.13"]
[EventType "tourn"]
[EventRounds "9"]
[EventCountry "CAN"]

1. d4 Nf6 2. c4 g6 3. Nc3 d5 4. Nf3 Bg7 5. Qb3 dxc4 6. Qxc4 O-O 7. e4 Nc6 8. Be2 Bg4 9. Be3 Bxf3 10. gxf3 e5 11. d5 Nd4 12. Nb5 Nh5 13. Nxd4 exd4 14. Bxd4 Bxd4 15. Qxd4 Nf4 16. Qd2 Qf6 17. Rg1 h5 18. O-O-O Rad8 19. Qe3 Rfe8 20. Bb5 c6 21. dxc6 bxc6 22. Rxd8 Rxd8 23. Bc4 Rd4 24. Be2 Rb4 25. Qd2 Rxb2 26. Rxg6+ Nxg6 27. Qxb2 Qf4+ 28. Kd1 Qxh2 29. Qd4 Qf4 30. Qxa7 h4 31. Qd7 Qf6 32. Ke1 Qc3+ 33. Kf1 Qa1+ 34. Bd1 Qxa2 35. Qxc6 Qa1 36. Qd5 Qf6 37. Qd7 Kg7 38. Qg4 Qa1 39. f4 Kf8 1/2-1/2

[Event "Quebec-ch"]
[Site "Montreal CAN"]
[Date "1982.06.21"]
[Round "8"]
[White "Spraggett, Kevin"]
[Black "Levtchouk, George"]
[Result "1-0"]
[WhiteElo "2513"]
[BlackElo "2216"]
[PlyCount "81"]
[GameId "2160767912848502"]
[EventDate "1982.06.13"]
[EventType "tourn"]
[EventRounds "9"]
[EventCountry "CAN"]

1. d4 Nf6 2. c4 g6 3. Nc3 Bg7 4. e4 d6 5. Nf3 O-O 6. h3 e5 7. d5 a5 8. Bg5 Na6 9. Bd3 Qe8 10. g4 Nd7 11. Rg1 Ndc5 12. Bb1 Kh8 13. Qd2 f5 14. gxf5 gxf5 15. Bh6 Rg8 16. Bxg7+ Rxg7 17. Rxg7 Kxg7 18. Qg5+ Qg6 19. exf5 Qxg5 20. Nxg5 Bxf5 21. Bxf5 Kf6 22. Bc2 Kxg5 23. Ke2 Re8 24. Rg1+ Kf6 25. a3 Re7 26. Rg4 Rg7 27. Rh4 Kg5 28. Rxh7 Rxh7 29. Bxh7 Kf4 30. Bc2 c6 31. f3 Nc7 32. h4 cxd5 33. cxd5 b5 34. b4 axb4 35. axb4 N5a6 36. Be4 Kg3 37. h5 Ne8 38. h6 Nf6 39. h7 Nxh7 40. Bxh7 Nxb4 41. Be4 1-0

[Event "Quebec-ch"]
[Site "Montreal CAN"]
[Date "1982.06.21"]
[Round "8"]
[White "Williams, Leo"]
[Black "St Amand, Paul Jr"]
[Result "1-0"]
[WhiteElo "2102"]
[BlackElo "2011"]
[PlyCount "49"]
[GameId "2160767912848503"]
[EventDate "1982.06.13"]
[EventType "tourn"]
[EventRounds "9"]
[EventCountry "CAN"]

1. Nf3 Nf6 2. c4 e6 3. g3 d5 4. Bg2 c5 5. O-O Nc6 6. cxd5 exd5 7. d4 Be6 8. Nc3 h6 9. b3 Be7 10. Bb2 O-O 11. dxc5 Bxc5 12. Rc1 Qe7 13. Nb5 Ne4 14. Nfd4 Bd7 15. Nc7 Nxd4 16. Bxd4 Ba3 17. Nxd5 Qd6 18. Bxe4 f5 19. Bg2 Bxc1 20. Qxc1 Bc6 21. Bc5 Qe5 22. Ne7+ Kh7 23. Nxc6 bxc6 24. Bxf8 Rxf8 25. e3 1-0

[Event "Quebec-ch"]
[Site "Montreal CAN"]
[Date "1982.06.21"]
[Round "8"]
[White "Witt, Laszlo"]
[Black "Lake, Perry"]
[Result "1/2-1/2"]
[WhiteElo "2388"]
[BlackElo "2131"]
[PlyCount "124"]
[GameId "2160767912848504"]
[EventDate "1982.06.13"]
[EventType "tourn"]
[EventRounds "9"]
[EventCountry "CAN"]

1. e4 e5 2. Nc3 Nf6 3. g3 d5 4. exd5 Nxd5 5. Bg2 Be6 6. Nf3 Nc6 7. O-O Nxc3 8. bxc3 Bc5 9. Qe2 Qd6 10. Ng5 Bd5 11. Ne4 Bxe4 12. Qxe4 O-O 13. Rb1 Nd8 14. d3 c6 15. Kh1 Bb6 16. f4 exf4 17. Bxf4 Qd7 18. Rbe1 Ne6 19. Bc1 Rae8 20. Bh3 Qd6 21. Qf3 Nc7 22. Rxe8 Nxe8 23. c4 Bd4 24. Bd2 Nc7 25. Rb1 b6 26. Bg2 Re8 27. Qxc6 Qxc6 28. Bxc6 Re2 29. Rd1 g6 30. Bf3 Rf2 31. Bg2 Re2 32. Bf1 Re6 33. Re1 f5 34. c3 Rxe1 35. Bxe1 Be3 36. Kg2 g5 37. d4 Kf7 38. Bd3 Kf6 39. Kf3 Bc1 40. g4 fxg4+ 41. Kxg4 h6 42. Bg3 Ne6 43. Be5+ Ke7 44. Kf5 Bd2 45. c5 bxc5 46. d5 Nd8 47. Bf6+ Kd7 48. Bb5+ Kc7 49. Be5+ Kb6 50. Be8 Nb7 51. c4 Bf4 52. Bxf4 gxf4 53. Ke6 Kc7 54. Bh5 Nd6 55. Be2 Ne4 56. Bd3 Nc3 57. d6+ Kd8 58. a3 f3 59. Ke5 f2 60. Kf4 Nb1 61. Ke3 Kd7 62. Kxf2 Nxa3 1/2-1/2

[Event "Quebec-ch"]
[Site "Montreal CAN"]
[Date "1982.06.23"]
[Round "9"]
[White "Alvarez, Jose Luis"]
[Black "Williams, Leo"]
[Result "0-1"]
[WhiteElo "2037"]
[BlackElo "2102"]
[PlyCount "64"]
[GameId "2160767912848505"]
[EventDate "1982.06.13"]
[EventType "tourn"]
[EventRounds "9"]
[EventCountry "CAN"]

1. d4 Nf6 2. c4 g6 3. Nc3 d5 4. cxd5 Nxd5 5. e4 Nxc3 6. bxc3 Bg7 7. Be3 c5 8. Bc4 Nc6 9. Ne2 O-O 10. O-O Bd7 11. Rb1 cxd4 12. cxd4 Rc8 13. Bd3 b6 14. Qd2 Na5 15. Rfc1 e6 16. Bh6 Qe7 17. Bxg7 Kxg7 18. Ba6 Rxc1+ 19. Rxc1 Nc6 20. Bb5 Nb8 21. Rc7 Qd8 22. Qc3 Bxb5 23. d5+ Kg8 24. Nd4 Bd7 25. f4 exd5 26. e5 Na6 27. Rxa7 Qc8 28. Qb2 b5 29. g4 Bxg4 30. Kf2 Nc5 31. Ke3 Ne6 32. f5 Nxd4 0-1

[Event "Quebec-ch"]
[Site "Montreal CAN"]
[Date "1982.06.23"]
[Round "9"]
[White "Lake, Perry"]
[Black "Bolduc, Steve"]
[Result "1-0"]
[WhiteElo "2131"]
[BlackElo "2047"]
[PlyCount "67"]
[GameId "2160767912848507"]
[EventDate "1982.06.13"]
[EventType "tourn"]
[EventRounds "9"]
[EventCountry "CAN"]

1. e4 c6 2. d4 d5 3. exd5 cxd5 4. Bd3 Nc6 5. c3 Nf6 6. f4 Bg4 7. Nf3 e6 8. O-O Qc7 9. Qe1 Bxf3 10. Rxf3 Bd6 11. Be3 Ne4 12. Nd2 f5 13. Rf1 g5 14. g3 O-O-O 15. Nxe4 fxe4 16. Be2 gxf4 17. Bxf4 e5 18. dxe5 Nxe5 19. Kh1 Rhe8 20. Qd1 Qc6 21. a4 a6 22. b4 Nd3 23. Bxd3 exd3 24. b5 Qc4 25. Bxd6 Qe4+ 26. Rf3 d2 27. Bf4 d4 28. cxd4 Rxd4 29. Kg1 Qe1+ 30. Rf1 Rxf4 31. gxf4 Qe3+ 32. Kh1 Qe4+ 33. Qf3 d1=Q 34. Raxd1 1-0

[Event "Quebec-ch"]
[Site "Montreal CAN"]
[Date "1982.06.23"]
[Round "9"]
[White "St Amand, Paul Jr"]
[Black "Witt, Laszlo"]
[Result "1/2-1/2"]
[WhiteElo "2011"]
[BlackElo "2388"]
[PlyCount "77"]
[GameId "2160767912848509"]
[EventDate "1982.06.13"]
[EventType "tourn"]
[EventRounds "9"]
[EventCountry "CAN"]

1. e4 c5 2. c3 Nf6 3. e5 Nd5 4. d4 cxd4 5. cxd4 Nc6 6. Nf3 d6 7. Bc4 e6 8. O-O Be7 9. Re1 O-O 10. a3 Re8 11. b4 a6 12. Ra2 b5 13. Bd3 Bb7 14. Rc2 Rc8 15. Qe2 g6 16. g3 Qb6 17. Bb2 Red8 18. Nbd2 a5 19. bxa5 Nxa5 20. Rec1 Rxc2 21. Rxc2 b4 22. a4 Bc6 23. h4 Bxa4 24. Rc1 dxe5 25. dxe5 Nb7 26. Ne4 Nc3 27. Nxc3 bxc3 28. Bxc3 Bc5 29. Rb1 Bxf2+ 30. Qxf2 Qxf2+ 31. Kxf2 Rxd3 32. Rxb7 Rxc3 33. Ng5 Bc6 34. Rc7 h6 35. Nxf7 Rf3+ 36. Ke2 Rxf7 37. Rxc6 Rf5 38. Rxe6 Kf7 39. Rf6+ 1/2-1/2

[Event "Quebec-ch (ville/city)"]
[Site "Quebec CAN"]
[Date "1982.10.06"]
[Round "9"]
[White "Auger, Bertrand"]
[Black "Berube, Richard"]
[Result "1-0"]
[WhiteElo "1945"]
[BlackElo "1977"]
[PlyCount "59"]
[GameId "2160767912848231"]
[EventDate "1982.09.??"]
[EventType "tourn"]
[EventCountry "CAN"]
[SourceTitle "hb 2012"]

1. Nf3 Nf6 2. c4 g6 3. b3 Bg7 4. Bb2 d6 5. d4 O-O 6. g3 c6 7. Bg2 Nbd7 8. O-O Qc7 9. Nbd2 e5 10. Qc2 Re8 11. e3 a5 12. a3 Qb6 13. c5 dxc5 14. Nc4 Qc7 15. dxe5 Ng4 16. Nd6 Re7 17. Nxc8 Rxc8 18. e6 Rxe6 19. Ng5 Re7 20. Bxg7 Kxg7 21. Ne4 Qe5 22. Rad1 Ngf6 23. f4 Qc7 24. Qc3 Rce8 25. Rxd7 Rxd7 26. Nxf6 Kf8 27. Nxh7+ Kg8 28. Nf6+ Kf8 29. Nxe8 Kxe8 30. f5 1-0

[Event "Quebec-ch U20 qual."]
[Site "Montreal CAN"]
[Date "1982.11.20"]
[Round "1"]
[White "Bolduc, Steve"]
[Black "Weston, Paul"]
[Result "1-0"]
[WhiteElo "2111"]
[BlackElo "1588"]
[PlyCount "63"]
[GameId "2160767912811191"]
[EventDate "1982.11.20"]
[EventType "swiss"]
[EventRounds "4"]
[EventCountry "CAN"]

1. d4 Nf6 2. Nf3 g6 3. c4 Bg7 4. g3 d5 5. cxd5 Nxd5 6. Bg2 Nd7 7. O-O O-O 8. e4 N5b6 9. Qc2 Nf6 10. h3 c6 11. a4 Be6 12. Na3 a5 13. Be3 h6 14. Ne5 Nfd7 15. Nd3 Nb8 16. Nc5 Na6 17. Nxb7 Qd7 18. Nc5 Nxc5 19. dxc5 Nc8 20. Rfd1 Qb7 21. Nc4 Bxc4 22. Qxc4 Qxb2 23. Rab1 Qe5 24. Rb7 e6 25. Bd4 Qh5 26. g4 Qg5 27. Bxg7 Kxg7 28. Rdd7 Qe5 29. Qd4 Qxd4 30. Rxd4 e5 31. Rdd7 Kf6 32. h4 1-0

[Event "Quebec-ch U20 qual."]
[Site "Montreal CAN"]
[Date "1982.11.21"]
[Round "2"]
[White "Roy, Alain"]
[Black "Bolduc, Steve"]
[Result "1-0"]
[WhiteElo "1717"]
[BlackElo "2111"]
[PlyCount "79"]
[GameId "2160767912811192"]
[EventDate "1982.11.20"]
[EventType "swiss"]
[EventRounds "4"]
[EventCountry "CAN"]

1. c4 Nf6 2. Nf3 c6 3. Nc3 d5 4. cxd5 cxd5 5. d4 Nc6 6. Bg5 e6 7. e3 a6 8. a3 Bd7 9. Bd3 b5 10. O-O Be7 11. Re1 Qb6 12. Rc1 Rd8 13. Bxf6 gxf6 14. e4 dxe4 15. Bxe4 Na5 16. Qe2 Nc4 17. Bd3 Nd6 18. Nd5 Qb7 19. Nxe7 Kxe7 20. Nh4 Qd5 21. Qe3 Qg5 22. Qxg5 fxg5 23. Nf3 f6 24. Rc7 Rc8 25. Rec1 h6 26. Nd2 Rxc7 27. Rxc7 Rc8 28. Rxc8 Bxc8 29. Nb3 Kd7 30. f3 Kc6 31. Kf2 f5 32. g3 Kd5 33. Ke3 Nb7 34. f4 Bd7 35. Nd2 g4 36. b4 Nd6 37. Bf1 Nc8 38. Bg2+ Kd6 39. Kd3 Nb6 40. Bb7 1-0

[Event "Quebec-ch U20 qual."]
[Site "Montreal CAN"]
[Date "1982.11.21"]
[Round "3"]
[White "Bolduc, Steve"]
[Black "Deshetres, Michel"]
[Result "1-0"]
[WhiteElo "2111"]
[BlackElo "1727"]
[PlyCount "69"]
[GameId "2160767912811193"]
[EventDate "1982.11.20"]
[EventType "swiss"]
[EventRounds "4"]
[EventCountry "CAN"]

1. c4 Nf6 2. Nc3 e5 3. Nf3 Nc6 4. d4 exd4 5. Nxd4 d6 6. Bg5 Be7 7. e4 O-O 8. f3 h6 9. Be3 Re8 10. Be2 Bf8 11. Qd2 Ne5 12. Rc1 c6 13. O-O a6 14. Rfd1 Bd7 15. Bd3 b5 16. Nce2 bxc4 17. Bxc4 Nxc4 18. Rxc4 d5 19. Nxc6 Bxc6 20. Rxc6 dxe4 21. Qxd8 Raxd8 22. Rxd8 Rxd8 23. Rxa6 exf3 24. gxf3 Re8 25. Kf2 Nd5 26. Bd4 Nb4 27. Ra4 Nc2 28. Rc4 Nxd4 29. Nxd4 Bd6 30. h3 Rb8 31. b3 g6 32. Ke3 Re8+ 33. Kd3 Re1 34. a4 Ra1 35. Nc6 1-0

[Event "Quebec-ch intercoll."]
[Site "Montreal CAN"]
[Date "1982.04.11"]
[Round "5"]
[White "De Lagrave, Sylvain"]
[Black "Courval, Francois"]
[Result "0-1"]
[WhiteElo "1866"]
[BlackElo "1576"]
[PlyCount "42"]
[GameId "2160767912848595"]
[EventDate "1982.04.09"]
[EventType "swiss"]
[EventRounds "6"]
[EventCountry "CAN"]

1. e4 c5 2. Nf3 d6 3. d4 cxd4 4. Nxd4 Nf6 5. Nc3 g6 6. Be3 Bg7 7. Bc4 O-O 8. f3 Nc6 9. Qd2 Bd7 10. O-O-O Qb8 11. g4 Rc8 12. Bb3 a5 13. a4 Nxd4 14. Bxd4 b5 15. h4 bxa4 16. Bxa4 Rxc3 17. Qxc3 Bxa4 18. h5 Qc8 19. Qd2 Nxe4 20. fxe4 Bxd4 21. hxg6 Be3 0-1

[Event "Queens-Belleville m"]
[Site "Belleville CAN"]
[Date "1982.12.05"]
[Round "1"]
[White "Veltmann, Martin"]
[Black "Devenport, Martin"]
[Result "0-1"]
[WhiteElo "1919"]
[BlackElo "2029"]
[PlyCount "127"]
[GameId "2160767912811160"]
[EventDate "1982.12.05"]
[EventType "team"]
[EventCountry "CAN"]

1. c4 Nf6 2. Nc3 e6 3. d4 d5 4. Bf4 c6 5. cxd5 exd5 6. Nf3 Bd6 7. Bxd6 Qxd6 8. e3 O-O 9. Be2 Bg4 10. O-O Nbd7 11. Rb1 h6 12. b4 a6 13. a4 b5 14. a5 Bxf3 15. Bxf3 Qe7 16. Qc2 Ne8 17. e4 dxe4 18. Nxe4 Rc8 19. Rfe1 Nef6 20. Nc5 Qd6 21. Nxa6 Qxd4 22. Rbd1 Qa7 23. Nc5 Nxc5 24. Qxc5 Qxc5 25. bxc5 Rc7 26. Rd6 Ra8 27. Ra1 Ra6 28. Kf1 Nd7 29. Be2 Nxc5 30. Rc1 Nb3 31. Rc3 Nxa5 32. Bxb5 Ra8 33. Bd3 Rac8 34. Bf5 Re8 35. Re3 Kf8 36. Rc3 g6 37. Bc2 Rec8 38. f4 Nb7 39. Rd1 Rd8 40. Rxd8+ Nxd8 41. f5 Kg7 42. fxg6 fxg6 43. Be4 c5 44. Rg3 g5 45. h4 Rf7+ 46. Bf3 Ne6 47. hxg5 hxg5 48. Ke2 Nd4+ 49. Kd3 Nxf3 50. gxf3 Kg6 51. Ke4 Rf4+ 52. Ke3 Kf6 53. Rg1 Rd4 54. Rc1 Rd5 55. Rc4 Ke6 56. Ra4 Kd6 57. Ra6+ Ke5 58. Rg6 Kf5 59. Rg8 Re5+ 60. Kf2 Ke6 61. Kg3 Kd5 62. Kg4 c4 63. f4 gxf4 64. Kxf4 0-1